00758nam a2200181 u 450000100100000000500170001000800410002704000250006824501580009326000690025130000240032050000270034450000320037150500490040370000420045271000650049499900170055900003759820200930080447.0120919s19uu es r 000 0 spa d aDO-SdBNPbspacBNPHU00aMil obras maestras del arte universal :bmaravillas eternas ; creaciones geniales /cDescripciones y comentarios originales de Alejandro Cirici Pellicer. aBarcelona :bInstituto Gallach de Libreria y Ediciones,c[194?]. aV. :bil. ;c30 cm. aTextos en dos columnas aLa biblioteca posee el v. 10 gv.1tDe los orígenes al Románticismo. --1 aCirici, Alexandre,d1914-1982.9640722 aBarcelona.bInstituto Gallach de libreria y ediciones964073 c37088d37088